|
|
|
|
| LEADER |
01489nam a2200397 a 4500 |
| 001 |
EBC3441431 |
| 003 |
MiAaPQ |
| 005 |
20200520144314.0 |
| 006 |
m o d | |
| 007 |
cr cn||||||||| |
| 008 |
870914s1988 pau sb 001 0 eng d |
| 010 |
|
|
|z 87026569
|
| 020 |
|
|
|z 0812212630 (pbk.)
|
| 020 |
|
|
|z 0812280946
|
| 020 |
|
|
|z 9780812212631
|
| 020 |
|
|
|a 9780812202540 (electronic bk.)
|
| 035 |
|
|
|a (MiAaPQ)EBC3441431
|
| 035 |
|
|
|a (Au-PeEL)EBL3441431
|
| 035 |
|
|
|a (CaPaEBR)ebr10491888
|
| 035 |
|
|
|a (CaONFJC)MIL321180
|
| 035 |
|
|
|a (OCoLC)929156298
|
| 040 |
|
|
|a MiAaPQ
|c MiAaPQ
|d MiAaPQ
|
| 050 |
|
4 |
|a BJ1725
|b .K84 1988
|
| 082 |
0 |
4 |
|a 174
|2 19
|
| 100 |
1 |
|
|a Kultgen, John H.
|
| 245 |
1 |
0 |
|a Ethics and professionalism
|h [electronic resource] /
|c John Kultgen.
|
| 260 |
|
|
|a Philadelphia :
|b University of Pennsylvania Press,
|c 1988.
|
| 300 |
|
|
|a xii, 394 p.
|
| 500 |
|
|
|a Second paperback printing 1991.
|
| 504 |
|
|
|a Includes bibliographical references and indexes.
|
| 505 |
0 |
|
|a pt. 1. Normative considerations -- pt. 2. Models of professions -- pt. 3. Structural change -- pt. 4. The professional ideal.
|
| 533 |
|
|
|a Electronic reproduction. Ann Arbor, MI : ProQuest, 2015. Available via World Wide Web. Access may be limited to ProQuest affiliated libraries.
|
| 650 |
|
0 |
|a Professional ethics.
|
| 655 |
|
4 |
|a Electronic books.
|
| 710 |
2 |
|
|a ProQuest (Firm)
|
| 856 |
4 |
0 |
|u https://ebookcentral.proquest.com/lib/matrademy/detail.action?docID=3441431
|z Click to View
|